Fundamentals of Analytical Chemistry 7th ed. (Record no. 814617)

MARC details
000 -LEADER
fixed length control field 00520nam a2200193Ia 4500
008 - FIXED-LENGTH DATA ELEMENTS--GENERAL INFORMATION
fixed length control field 101110s9999 xx 000 0 und d
041 ## - LANGUAGE CODE
Language code of text/sound track or separate title ENGLISH
082 ## - DEWEY DECIMAL CLASSIFICATION NUMBER
Item number SR21778
100 ## - MAIN ENTRY--PERSONAL NAME
Personal name Skoog, West, Holler
245 ## - TITLE STATEMENT
Title Fundamentals of Analytical Chemistry 7th ed.
365 ## - TRADE PRICE
Price amount 723
520 ## - SUMMARY, ETC.
Summary, etc Chemistry
546 ## - LANGUAGE NOTE
Language note ENGLISH
630 ## - SUBJECT ADDED ENTRY--UNIFORM TITLE
Uniform title Fundamentals of Analytical Chemistry 7th ed.
650 ## - SUBJECT ADDED ENTRY--TOPICAL TERM
Topical term or geographic name as entry element Chemistry
655 ## - INDEX TERM--GENRE/FORM
Genre/form data or focus term Chemistry
730 ## - ADDED ENTRY--UNIFORM TITLE
Uniform title Fundamentals of Analytical Chemistry 7th ed.
942 ## - ADDED ENTRY ELEMENTS (KOHA)
Koha item type Book
Holdings
Withdrawn status Lost status Damaged status Not for loan Home library Current library Shelving location Date acquired Cost, normal purchase price Shelving control number Total Checkouts Barcode Date last seen Price effective from Koha item type
        D. B. J. College, Chiplun D. B. J. College, Chiplun   11/11/2010 723.00     DBJSR21778 11/11/2010 11/11/2010 Book